000 00604nam a22001937a 4500
003 OSt
005 20251106030056.0
008 251106b |||||||| |||| 00| 0 eng d
020 _a 13 :978-981-4281-74-4.
040 _aDWCL-Admin lib
_cOC
082 _aCirc. 641.59 M113i 2009
100 _aMacveigh, Jeremy
245 _aInternational cuisine /
_cJeremy Macveigh
260 _a Singapore :
_bCengage Learning Asia Pte Ltd. ,
_cc2009
300 _a 438 p. : ill. ;
_c24 cm.
504 _aIncludes bibliographical references .
650 _a1. International cooking
942 _2ddc
_cBK-CIRC
_kCirc.
_n0
999 _c5548
_d5548